Community penalties : (Record no. 119953)
[ view plain ]
| 000 -LEADER | |
|---|---|
| fixed length control field | 01512cam a2200373 a 4500 |
| 001 - CONTROL NUMBER | |
| control field | 12593361 |
| 003 - CONTROL NUMBER IDENTIFIER | |
| control field | ARRUPE |
| 005 - DATE AND TIME OF LATEST TRANSACTION | |
| control field | 20140205140629.0 |
| 008 - FIXED-LENGTH DATA ELEMENTS--GENERAL INFORMATION | |
| fixed length control field | 011119s2001 enk b 101 0 eng |
| 010 ## - LIBRARY OF CONGRESS CONTROL NUMBER | |
| LC control number | 2001277463 |
| 015 ## - NATIONAL BIBLIOGRAPHY NUMBER | |
| National bibliography number | GBA1-Y8168 |
| 020 ## - INTERNATIONAL STANDARD BOOK NUMBER | |
| International Standard Book Number | 1903240492 |
| 035 ## - SYSTEM CONTROL NUMBER | |
| System control number | (OCoLC)ocm46432613 |
| 040 ## - CATALOGING SOURCE | |
| Original cataloging agency | UKM |
| Transcribing agency | UKM |
| Modifying agency | OCLCQ |
| -- | GUL |
| -- | DLC |
| 042 ## - AUTHENTICATION CODE | |
| Authentication code | lccopycat |
| 043 ## - GEOGRAPHIC AREA CODE | |
| Geographic area code | e-uk--- |
| 050 00 - LIBRARY OF CONGRESS CALL NUMBER | |
| Classification number | HV9279 |
| Item number | .C643 2000 |
| 300 ## - PHYSICAL DESCRIPTION | |
| Dimensions | 24 cm. |
| 245 00 - TITLE STATEMENT | |
| Title | Community penalties : |
| Remainder of title | change and challenges / |
| Statement of responsibility, etc | edited by Anthony Bottoms, Loraine Gelsthorpe, Sue Rex. |
| 260 ## - PUBLICATION, DISTRIBUTION, ETC. (IMPRINT) | |
| Place of publication, distribution, etc | Cullompton, Devon, UK ; |
| -- | Portland, Or. : |
| Name of publisher, distributor, etc | Willan Pub., |
| Date of publication, distribution, etc | 2001. |
| 300 ## - PHYSICAL DESCRIPTION | |
| Extent | xiv, 255 p. ; |
| 440 #0 - SERIES STATEMENT/ADDED ENTRY--TITLE | |
| Title | Cambridge criminal justice series |
| 9 (RLIN) | 8005 |
| 500 ## - GENERAL NOTE | |
| General note | Developed from papers and discussions at the 24th Cropwood Round Table Conference. |
| 500 ## - GENERAL NOTE | |
| General note | Published in association with the Institute of Criminology, University of Cambridge. |
| 504 ## - BIBLIOGRAPHY, ETC. NOTE | |
| Bibliography, etc | Includes bibliographical references and index. |
| 650 #0 - SUBJECT ADDED ENTRY--TOPICAL TERM | |
| Topical term or geographic name as entry element | Community-based corrections |
| Geographic subdivision | Great Britain |
| Form subdivision | Congresses. |
| 9 (RLIN) | 8006 |
| 700 1# - ADDED ENTRY--PERSONAL NAME | |
| Personal name | Bottoms, A. E. |
| 9 (RLIN) | 8007 |
| 700 1# - ADDED ENTRY--PERSONAL NAME | |
| Personal name | Gelsthorpe, Loraine. |
| 9 (RLIN) | 8008 |
| 700 1# - ADDED ENTRY--PERSONAL NAME | |
| Personal name | Rex, Sue. |
| 9 (RLIN) | 8009 |
| 710 2# - ADDED ENTRY--CORPORATE NAME | |
| Corporate name or jurisdiction name as entry element | University of Cambridge. |
| Subordinate unit | Institute of Criminology. |
| 9 (RLIN) | 8010 |
| 711 2# - ADDED ENTRY--MEETING NAME | |
| Meeting name or jurisdiction name as entry element | Cropwood Round-Table Conference |
| Number of part/section/meeting | (24th : |
| Date of meeting | 2000 : |
| Location of meeting | New Hall, University of Cambridge) |
| 9 (RLIN) | 8011 |
| 906 ## - LOCAL DATA ELEMENT F, LDF (RLIN) | |
| a | 7 |
| b | cbc |
| c | copycat |
| d | 2 |
| e | ncip |
| f | 20 |
| g | y-gencatlg |
| 942 ## - ADDED ENTRY ELEMENTS (KOHA) | |
| Source of classification or shelving scheme | Library of Congress Classification |
| Koha item type | Monograph ( Printed materials) |
| Withdrawn status | Lost status | Source of classification or shelving scheme | Damaged status | Not for loan | Collection code | Home library | Current library | Shelving location | Date acquired | Total Checkouts | Full call number | Barcode | Date last seen | Price effective from | Koha item type |
|---|---|---|---|---|---|---|---|---|---|---|---|---|---|---|---|
| Library of Congress Classification | Main Collection | ARRUPE LIBRARY | ARRUPE LIBRARY | Main Collection | 05/02/2014 | HV9279 .C643 2000 | 46411931 | 30/04/2018 | 05/02/2014 | Monograph ( Printed materials) |